Normal view
MARC view
- Mumba, Emmanuel
Entry Personal Name
001 - CONTROL NUMBER
- control field: 2351
003 - CONTROL NUMBER IDENTIFIER
- control field: CBULib
005 - DATE AND TIME OF LATEST TRANSACTION
- control field: 20240130100321.0
008 - FIXED-LENGTH DATA ELEMENTS
- fixed length control field: 240130|| aca||aabn | a|a d
040 ## - CATALOGING SOURCE
- Original cataloging agency: CBULib
100 ## - HEADING--PERSONAL NAME
- Personal name: Mumba, Emmanuel